[Event "Blitz 2018"]
[Site "Saint-Petersburg"]
[Date "2018.12.29"]
[Round "2"]
[Board "25"]
[White "Miton Kamil (POL)"]
[Black "Khismatullin Denis (RUS)"]
[Result "1-0"]
[LiveChessVersion "1.4.8"]
[BlackElo "2674"]
[WhiteElo "2520"]

1. d4 {[%clk 0:03:02]} Nf6 {[%clk 0:03:03]} 2. c4 {[%clk 0:03:03]} e6
{[%clk 0:03:04]} 3. g3 {[%clk 0:03:03]} d5 {[%clk 0:03:04]} 4. Bg2
{[%clk 0:03:04]} Bb4+ {[%clk 0:02:56]} 5. Nd2 {[%clk 0:03:01]} O-O
{[%clk 0:02:52]} 6. a3 {[%clk 0:03:00]} Be7 {[%clk 0:02:36]} 7. Ngf3
{[%clk 0:02:59]} c6 {[%clk 0:02:24]} 8. O-O {[%clk 0:02:57]} b6 {[%clk 0:02:25]}
9. Qc2 {[%clk 0:02:55]} Bb7 {[%clk 0:02:05]} 10. e4 {[%clk 0:02:52]} dxc4
{[%clk 0:01:53]} 11. Nxc4 {[%clk 0:02:34]} Nbd7 {[%clk 0:01:26]} 12. b4
{[%clk 0:01:53]} c5 {[%clk 0:00:55]} 13. e5 {[%clk 0:01:51]} Nd5 {[%clk 0:00:53]}
14. dxc5 {[%clk 0:01:49]} bxc5 {[%clk 0:00:53]} 15. Nd6 {[%clk 0:01:29]} Bxd6
{[%clk 0:00:35]} 16. Ng5 {[%clk 0:01:29]} g6 {[%clk 0:00:29]} 17. exd6
{[%clk 0:01:29]} cxb4 {[%clk 0:00:16]} 18. Ne4 {[%clk 0:01:14]} Rc8
{[%clk 0:00:09]} 19. Qb2 {[%clk 0:01:00]} Nc3 {[%clk 0:00:00]} 1-0

[Event "Blitz 2018"]
[Site "Saint-Petersburg"]
[Date "2018.12.29"]
[Round "2"]
[Board "26"]
[White "Bocharov Dmitry (RUS)"]
[Black "Vallejo Pons Francisco (ESP)"]
[Result "1/2-1/2"]
[LiveChessVersion "1.4.8"]
[BlackElo "2673"]
[WhiteElo "2517"]

1. Nf3 {[%clk 0:03:02]} d5 {[%clk 0:03:03]} 2. e3 {[%clk 0:03:02]} Nf6 3. c4
{[%clk 0:03:03]} dxc4 {[%clk 0:03:01]} 4. Bxc4 {[%clk 0:03:03]} e6
{[%clk 0:03:02]} 5. O-O {[%clk 0:02:59]} c5 6. b3 {[%clk 0:02:35]} Be7
{[%clk 0:03:03]} 7. Bb2 {[%clk 0:02:36]} Nc6 {[%clk 0:03:04]} 8. d4
{[%clk 0:02:24]} cxd4 {[%clk 0:03:02]} 9. Nxd4 Nxd4 {[%clk 0:02:55]} 10. Bxd4
{[%clk 0:02:25]} O-O {[%clk 0:02:53]} 11. Nd2 {[%clk 0:02:02]} Bd7 12. Nf3
{[%clk 0:01:58]} Bc6 {[%clk 0:02:48]} 13. Ne5 {[%clk 0:01:58]} Bd5
{[%clk 0:02:46]} 14. Bd3 {[%clk 0:01:59]} Bd6 {[%clk 0:02:37]} 15. Ng4
{[%clk 0:01:23]} Be7 {[%clk 0:02:26]} 16. Rc1 {[%clk 0:01:09]} Nxg4
{[%clk 0:02:18]} 17. Qxg4 {[%clk 0:01:09]} Bf6 {[%clk 0:02:18]} 18. Rfd1
{[%clk 0:00:55]} Bxd4 {[%clk 0:02:08]} 19. Qxd4 {[%clk 0:00:55]} Qg5
{[%clk 0:02:07]} 20. Be4 {[%clk 0:00:46]} Rfd8 {[%clk 0:02:05]} 21. Bxd5
{[%clk 0:00:41]} Rxd5 {[%clk 0:02:04]} 22. Qc3 {[%clk 0:00:30]} Rad8
{[%clk 0:01:58]} 23. Rxd5 {[%clk 0:00:28]} Qxd5 {[%clk 0:01:58]} 24. h3
{[%clk 0:00:29]} h5 {[%clk 0:01:53]} 25. a4 {[%clk 0:00:29]} a6 {[%clk 0:01:51]}
26. a5 {[%clk 0:00:27]} Qb5 {[%clk 0:01:41]} 27. b4 {[%clk 0:00:19]} Rd6
{[%clk 0:01:20]} 28. Qc5 {[%clk 0:00:12]} Rc6 {[%clk 0:01:14]} 29. Qxb5
{[%clk 0:00:12]} Rxc1+ {[%clk 0:01:13]} 30. Qf1 {[%clk 0:00:13]} Rxf1+
{[%clk 0:01:13]} 31. Kxf1 {[%clk 0:00:14]} Kf8 {[%clk 0:01:09]} 32. Ke2
{[%clk 0:00:15]} Ke7 {[%clk 0:01:10]} 33. Kd3 {[%clk 0:00:17]} Kd6
{[%clk 0:01:11]} 34. Kc4 {[%clk 0:00:18]} Kc6 {[%clk 0:00:58]} 35. g4
{[%clk 0:00:18]} hxg4 {[%clk 0:00:56]} 36. hxg4 {[%clk 0:00:13]} f6
{[%clk 0:00:23]} 37. f4 {[%clk 0:00:13]} g6 {[%clk 0:00:16]} 38. e4
{[%clk 0:00:09]} b6 {[%clk 0:00:08]} 39. axb6 {[%clk 0:00:08]} Kxb6
{[%clk 0:00:09]} 40. Kc3 {[%clk 0:00:05]} Kb5 {[%clk 0:00:08]} 41. Kb3
{[%clk 0:00:06]} a5 {[%clk 0:00:06]} 42. bxa5 {[%clk 0:00:07]} Kxa5 43. Kc4
{[%clk 0:00:08]} Kb6 {[%clk 0:00:09]} 44. Kd4 {[%clk 0:00:08]} Kc6
{[%clk 0:00:10]} 45. e5 {[%clk 0:00:09]} f5 {[%clk 0:00:11]} 46. gxf5
{[%clk 0:00:09]} gxf5 {[%clk 0:00:10]} 47. Kc4 {[%clk 0:00:10]} Kb6
{[%clk 0:00:12]} 48. Kb4 {[%clk 0:00:10]} Kc6 {[%clk 0:00:14]} 1/2-1/2

[Event "Blitz 2018"]
[Site "Saint-Petersburg"]
[Date "2018.12.29"]
[Round "2"]
[Board "28"]
[White "Yilmaz Mustafa (TUR)"]
[Black "Alekseenko Kirill (RUS)"]
[Result "0-1"]
[LiveChessVersion "1.4.8"]
[BlackElo "2665"]
[WhiteElo "2515"]

1. d4 {[%clk 0:03:03]} d5 {[%clk 0:03:04]} 2. Nf3 {[%clk 0:03:03]} Nf6
{[%clk 0:03:04]} 3. c4 {[%clk 0:03:04]} dxc4 {[%clk 0:03:05]} 4. e3
{[%clk 0:03:04]} Bg4 {[%clk 0:03:06]} 5. Bxc4 {[%clk 0:03:00]} e6
{[%clk 0:03:07]} 6. O-O {[%clk 0:02:45]} a6 {[%clk 0:03:07]} 7. Be2
{[%clk 0:02:44]} Nc6 {[%clk 0:03:08]} 8. b3 {[%clk 0:02:38]} Bd6 {[%clk 0:03:09]}
9. Bb2 {[%clk 0:02:39]} O-O {[%clk 0:03:09]} 10. Nbd2 {[%clk 0:02:40]} Qe8
{[%clk 0:03:09]} 11. h3 {[%clk 0:02:40]} Bh5 {[%clk 0:03:10]} 12. Nc4
{[%clk 0:02:40]} Rd8 {[%clk 0:03:03]} 13. Rc1 {[%clk 0:02:17]} Nd5
{[%clk 0:02:59]} 14. Nfd2 {[%clk 0:02:05]} Bxe2 {[%clk 0:02:55]} 15. Qxe2
{[%clk 0:02:06]} f5 {[%clk 0:02:55]} 16. Rfe1 {[%clk 0:02:03]} Nce7
{[%clk 0:02:42]} 17. g3 {[%clk 0:02:03]} Qg6 {[%clk 0:02:33]} 18. e4
{[%clk 0:02:01]} Nf4 {[%clk 0:02:28]} 19. Qf1 {[%clk 0:02:02]} fxe4
{[%clk 0:02:22]} 20. Rxe4 {[%clk 0:02:02]} Ned5 {[%clk 0:02:12]} 21. Rce1
{[%clk 0:02:02]} Rde8 {[%clk 0:02:09]} 22. Kh2 {[%clk 0:02:02]} Nh5
{[%clk 0:02:08]} 23. Nxd6 {[%clk 0:01:56]} cxd6 {[%clk 0:02:09]} 24. Ba3
{[%clk 0:01:48]} Nxg3 {[%clk 0:02:08]} 25. Qg2 {[%clk 0:01:36]} Nxe4
{[%clk 0:02:06]} 26. Nxe4 {[%clk 0:01:37]} Qxg2+ {[%clk 0:01:46]} 27. Kxg2
{[%clk 0:01:38]} Nf4+ {[%clk 0:01:41]} 28. Kg3 {[%clk 0:01:39]} Nh5+
{[%clk 0:01:37]} 29. Kg2 {[%clk 0:01:39]} Rc8 {[%clk 0:01:31]} 30. Bxd6
{[%clk 0:01:36]} Rf7 {[%clk 0:01:15]} 31. Nc5 {[%clk 0:01:08]} Nf4+
{[%clk 0:01:16]} 32. Kg3 {[%clk 0:00:56]} Nh5+ {[%clk 0:00:57]} 33. Kg2
{[%clk 0:00:57]} b6 {[%clk 0:00:55]} 34. Nxe6 {[%clk 0:00:57]} Rc2
{[%clk 0:00:49]} 35. Ng5 {[%clk 0:00:58]} Rfxf2+ {[%clk 0:00:43]} 36. Kg1
{[%clk 0:00:59]} Rfe2 {[%clk 0:00:39]} 37. Rf1 {[%clk 0:00:49]} Rg2+
{[%clk 0:00:40]} 38. Kh1 {[%clk 0:00:51]} Ng3+ {[%clk 0:00:32]} 39. Bxg3
{[%clk 0:00:51]} Rxg3 {[%clk 0:00:33]} 40. Ne6 {[%clk 0:00:52]} Rxh3+
{[%clk 0:00:33]} 41. Kg1 {[%clk 0:00:54]} Rg3+ {[%clk 0:00:30]} 42. Kh1
{[%clk 0:00:55]} h5 {[%clk 0:00:28]} 43. d5 {[%clk 0:00:52]} Rd3 {[%clk 0:00:17]}
44. Nf4 {[%clk 0:00:30]} Rdd2 {[%clk 0:00:18]} 45. Re1 {[%clk 0:00:30]} Kh7
{[%clk 0:00:19]} 46. a4 {[%clk 0:00:24]} a5 {[%clk 0:00:20]} 47. Kg1
{[%clk 0:00:23]} h4 {[%clk 0:00:21]} 48. Kh1 {[%clk 0:00:24]} Rd4
{[%clk 0:00:16]} 49. Ng2 {[%clk 0:00:21]} h3 {[%clk 0:00:11]} 50. Ne3
{[%clk 0:00:22]} Rb2 {[%clk 0:00:10]} 51. Rg1 {[%clk 0:00:19]} h2
{[%clk 0:00:10]} 52. Rf1 {[%clk 0:00:10]} Rxb3 {[%clk 0:00:11]} 53. Nf5
{[%clk 0:00:11]} Rxd5 {[%clk 0:00:09]} 54. Ne7 {[%clk 0:00:07]} Rg5
{[%clk 0:00:09]} 55. Nc6 {[%clk 0:00:04]} Rg1+ {[%clk 0:00:09]} 0-1

[Event "Blitz 2018"]
[Site "Saint-Petersburg"]
[Date "2018.12.29"]
[Round "2"]
[Board "30"]
[White "Postny Evgeny (ISR)"]
[Black "Sokolin Leonid (USA)"]
[Result "1-0"]
[LiveChessVersion "1.4.8"]
[BlackElo "2508"]
[WhiteElo "2657"]

1. d4 {[%clk 0:03:02]} Nf6 {[%clk 0:03:03]} 2. c4 d6 3. Nf3 {[%clk 0:03:03]} Bg4
{[%clk 0:03:04]} 4. Nc3 {[%clk 0:03:02]} Nbd7 {[%clk 0:03:06]} 5. e4
{[%clk 0:03:01]} e5 {[%clk 0:03:07]} 6. d5 {[%clk 0:03:00]} Nc5 {[%clk 0:03:06]}
7. h3 {[%clk 0:02:56]} Bxf3 {[%clk 0:03:06]} 8. Qxf3 {[%clk 0:02:57]} a5
{[%clk 0:03:08]} 9. g3 {[%clk 0:02:43]} g6 {[%clk 0:03:03]} 10. h4
{[%clk 0:02:41]} h5 {[%clk 0:03:05]} 11. Bh3 {[%clk 0:02:41]} Bh6
{[%clk 0:03:05]} 12. Bxh6 Rxh6 13. Qe3 Rh8 {[%clk 0:03:00]} 14. O-O-O
{[%clk 0:02:33]} Kf8 {[%clk 0:03:00]} 15. f4 {[%clk 0:02:32]} Qe7
{[%clk 0:02:59]} 16. Rhf1 {[%clk 0:02:29]} exf4 {[%clk 0:02:49]} 17. Rxf4
{[%clk 0:02:26]} Nfd7 {[%clk 0:02:49]} 18. Bxd7 {[%clk 0:02:15]} Nxd7
{[%clk 0:02:50]} 19. Rdf1 {[%clk 0:01:51]} Ne5 {[%clk 0:02:49]} 20. Qd4
{[%clk 0:01:46]} Rh7 {[%clk 0:02:29]} 21. Kc2 {[%clk 0:01:37]} Ke8
{[%clk 0:02:30]} 22. Nb1 {[%clk 0:01:30]} Rc8 {[%clk 0:02:18]} 23. Nc3
{[%clk 0:01:20]} Rg7 {[%clk 0:02:06]} 24. Kb1 {[%clk 0:01:19]} Kf8
{[%clk 0:01:57]} 25. a3 {[%clk 0:01:15]} Kg8 26. Ka2 Kh7 {[%clk 0:01:29]} 27. Nd1
{[%clk 0:01:11]} c5 {[%clk 0:01:23]} 28. Qc3 {[%clk 0:01:10]} a4 29. Nf2 b5
{[%clk 0:01:03]} 30. cxb5 c4 31. Nh3 {[%clk 0:01:03]} Rc5 32. Ng5+ Kg8
{[%clk 0:00:59]} 33. Qa5 {[%clk 0:01:00]} Qb7 {[%clk 0:00:55]} 34. Qd8#
{[%clk 0:01:00]} 1-0

[Event "Blitz 2018"]
[Site "Saint-Petersburg"]
[Date "2018.12.29"]
[Round "2"]
[Board "31"]
[White "Amonatov Farrukh (TJK)"]
[Black "Nihal Sarin (IND)"]
[Result "1-0"]
[LiveChessVersion "1.4.8"]
[BlackElo "2506"]
[WhiteElo "2656"]

1. e4 {[%clk 0:03:03]} g6 {[%clk 0:03:03]} 2. d4 {[%clk 0:03:04]} Bg7
{[%clk 0:03:04]} 3. Nf3 {[%clk 0:03:05]} d6 {[%clk 0:03:05]} 4. Bc4
{[%clk 0:03:05]} Nf6 {[%clk 0:03:04]} 5. Qe2 {[%clk 0:03:06]} O-O
{[%clk 0:03:04]} 6. e5 {[%clk 0:03:07]} dxe5 {[%clk 0:03:00]} 7. dxe5
{[%clk 0:03:08]} Nd5 {[%clk 0:03:01]} 8. h3 {[%clk 0:03:09]} Nb6 {[%clk 0:02:45]}
9. Bb3 {[%clk 0:03:09]} Nc6 {[%clk 0:02:46]} 10. O-O {[%clk 0:03:09]} Nd4
{[%clk 0:02:47]} 11. Nxd4 {[%clk 0:03:09]} Qxd4 {[%clk 0:02:48]} 12. Re1
{[%clk 0:03:10]} Rd8 {[%clk 0:02:26]} 13. Nd2 {[%clk 0:03:10]} Bf5
{[%clk 0:02:06]} 14. Nf3 {[%clk 0:03:10]} Qd7 {[%clk 0:02:07]} 15. Bxf7+
{[%clk 0:02:17]} Kxf7 {[%clk 0:02:06]} 16. e6+ {[%clk 0:02:17]} Bxe6
{[%clk 0:01:41]} 17. Ng5+ {[%clk 0:02:18]} Kg8 {[%clk 0:01:42]} 18. Nxe6
{[%clk 0:02:18]} Re8 {[%clk 0:01:42]} 19. Nxg7 {[%clk 0:02:06]} Kxg7
{[%clk 0:01:43]} 20. Qe5+ {[%clk 0:02:00]} Kg8 {[%clk 0:01:43]} 21. Bh6
{[%clk 0:02:01]} e6 {[%clk 0:01:44]} 22. Rad1 {[%clk 0:02:01]} Qf7
{[%clk 0:01:45]} 23. b3 {[%clk 0:01:53]} Rad8 {[%clk 0:01:33]} 24. c4
{[%clk 0:01:54]} Nc8 {[%clk 0:01:16]} 25. Bc1 {[%clk 0:01:34]} Rxd1
{[%clk 0:01:02]} 26. Rxd1 {[%clk 0:01:35]} Qg7 {[%clk 0:01:03]} 27. Qe2
{[%clk 0:01:23]} Nd6 {[%clk 0:00:41]} 28. Bb2 {[%clk 0:01:24]} e5
{[%clk 0:00:43]} 29. f4 {[%clk 0:01:20]} Qe7 {[%clk 0:00:41]} 30. Qxe5
{[%clk 0:00:44]} Qxe5 {[%clk 0:00:41]} 31. Bxe5 {[%clk 0:00:41]} Re6
{[%clk 0:00:34]} 32. c5 {[%clk 0:00:32]} Ne4 {[%clk 0:00:35]} 33. b4
{[%clk 0:00:26]} b6 {[%clk 0:00:22]} 34. Rd4 {[%clk 0:00:21]} Ng3
{[%clk 0:00:19]} 35. Rd8+ {[%clk 0:00:18]} Kf7 {[%clk 0:00:20]} 36. Rd7+
{[%clk 0:00:19]} Re7 {[%clk 0:00:18]} 37. Rxc7 {[%clk 0:00:18]} Rxc7
{[%clk 0:00:11]} 38. Bxc7 {[%clk 0:00:19]} bxc5 {[%clk 0:00:13]} 39. bxc5
{[%clk 0:00:20]} Ke6 {[%clk 0:00:11]} 40. Bb8 {[%clk 0:00:18]} a6
{[%clk 0:00:11]} 41. c6 {[%clk 0:00:18]} Ne2+ {[%clk 0:00:12]} 42. Kf2
{[%clk 0:00:18]} Nc3 {[%clk 0:00:13]} 43. a3 {[%clk 0:00:14]} Nb1
{[%clk 0:00:07]} 44. a4 {[%clk 0:00:15]} Nc3 {[%clk 0:00:08]} 45. a5
{[%clk 0:00:16]} Nd5 {[%clk 0:00:08]} 46. Be5 {[%clk 0:00:16]} Nb4
{[%clk 0:00:08]} 47. c7 Kd7 48. Kf3 {[%clk 0:00:15]} Nc6 {[%clk 0:00:10]} 49. Bc3
{[%clk 0:00:16]} Kxc7 {[%clk 0:00:11]} 50. Kg4 {[%clk 0:00:16]} Ne7
{[%clk 0:00:08]} 51. Kg5 {[%clk 0:00:17]} Kd7 {[%clk 0:00:08]} 52. Kh6
{[%clk 0:00:18]} Ke6 {[%clk 0:00:08]} 53. g4 {[%clk 0:00:18]} Kf7
{[%clk 0:00:07]} 54. Kxh7 {[%clk 0:00:19]} Nd5 {[%clk 0:00:08]} 55. Bd2
{[%clk 0:00:18]} Nf6+ {[%clk 0:00:06]} 56. Kh6 {[%clk 0:00:18]} Ne4
{[%clk 0:00:08]} 57. Be3 {[%clk 0:00:18]} Nd6 {[%clk 0:00:08]} 58. Bd4
{[%clk 0:00:11]} Nc4 {[%clk 0:00:08]} 59. Bc3 {[%clk 0:00:12]} Ne3
{[%clk 0:00:09]} 60. Kg5 {[%clk 0:00:12]} Nd5 {[%clk 0:00:09]} 61. Bd2
{[%clk 0:00:12]} Nc7 {[%clk 0:00:09]} 62. f5 {[%clk 0:00:13]} gxf5
{[%clk 0:00:10]} 63. Kxf5 {[%clk 0:00:14]} Nd5 {[%clk 0:00:11]} 64. h4
{[%clk 0:00:13]} Ne7+ {[%clk 0:00:12]} 65. Ke4 {[%clk 0:00:14]} Ke6
{[%clk 0:00:13]} 66. h5 {[%clk 0:00:14]} Nd5 {[%clk 0:00:11]} 67. g5
{[%clk 0:00:15]} Ne7 {[%clk 0:00:12]} 68. Bc3 {[%clk 0:00:12]} Nd5
{[%clk 0:00:13]} 69. Bd4 {[%clk 0:00:13]} Ne7 {[%clk 0:00:13]} 70. h6
{[%clk 0:00:12]} Kd5+ 1-0

[Event "Blitz 2018"]
[Site "Saint-Petersburg"]
[Date "2018.12.29"]
[Round "2"]
[Board "32"]
[White "Drygalov Sergey (RUS)"]
[Black "Bosiocic Marin (CRO)"]
[Result "1/2-1/2"]
[LiveChessVersion "1.4.8"]
[BlackElo "2653"]
[WhiteElo "2428"]

1. d4 {[%clk 0:03:02]} d6 {[%clk 0:03:03]} 2. Nf3 {[%clk 0:03:01]} g6
{[%clk 0:03:05]} 3. g3 {[%clk 0:03:02]} Nf6 {[%clk 0:03:05]} 4. Bg2 Bg7 5. O-O
{[%clk 0:03:04]} O-O {[%clk 0:03:07]} 6. c4 {[%clk 0:03:05]} c6 {[%clk 0:03:08]}
7. Nc3 {[%clk 0:03:03]} Bf5 {[%clk 0:03:09]} 8. Ne1 {[%clk 0:03:00]} Be6
{[%clk 0:03:10]} 9. b3 {[%clk 0:02:42]} d5 {[%clk 0:03:11]} 10. cxd5
{[%clk 0:02:25]} Nxd5 {[%clk 0:03:06]} 11. Nxd5 {[%clk 0:01:48]} Bxd5
{[%clk 0:02:59]} 12. e4 {[%clk 0:01:24]} Be6 {[%clk 0:03:01]} 13. Bb2
{[%clk 0:01:25]} c5 {[%clk 0:02:58]} 14. e5 {[%clk 0:01:26]} cxd4
{[%clk 0:02:27]} 15. Bxb7 {[%clk 0:01:13]} Nd7 {[%clk 0:02:28]} 16. f4
{[%clk 0:00:49]} Rb8 {[%clk 0:02:28]} 17. Bg2 {[%clk 0:00:49]} f6
{[%clk 0:02:14]} 18. Qxd4 {[%clk 0:00:42]} fxe5 {[%clk 0:02:09]} 19. Qxa7
{[%clk 0:00:43]} Nb6 {[%clk 0:01:57]} 20. Qa5 {[%clk 0:00:32]} Nc4
{[%clk 0:01:37]} 21. Qxd8 {[%clk 0:00:25]} Rfxd8 {[%clk 0:01:37]} 22. Bc3
{[%clk 0:00:15]} Ne3 {[%clk 0:01:37]} 23. Rf3 {[%clk 0:00:12]} Nxg2
{[%clk 0:01:36]} 24. Nxg2 {[%clk 0:00:12]} Rbc8 {[%clk 0:01:20]} 25. Bxe5
{[%clk 0:00:09]} Bxe5 {[%clk 0:01:20]} 26. fxe5 {[%clk 0:00:11]} Rc2
{[%clk 0:01:20]} 27. Nf4 {[%clk 0:00:11]} Bf5 {[%clk 0:01:00]} 28. Rf2
{[%clk 0:00:12]} Rc3 {[%clk 0:01:01]} 29. a4 {[%clk 0:00:09]} Rxb3 30. a5 g5
{[%clk 0:00:38]} 31. Ne2 {[%clk 0:00:08]} Bh3 {[%clk 0:00:38]} 32. Rff1
{[%clk 0:00:03]} Bxf1 {[%clk 0:00:37]} 33. Kxf1 {[%clk 0:00:05]} Rb5
{[%clk 0:00:32]} 34. a6 {[%clk 0:00:06]} Ra8 {[%clk 0:00:32]} 35. Nd4
{[%clk 0:00:07]} Rxe5 {[%clk 0:00:29]} 36. a7 {[%clk 0:00:08]} Rc5
{[%clk 0:00:27]} 37. Ra6 {[%clk 0:00:09]} Rc7 {[%clk 0:00:26]} 38. Nc6
{[%clk 0:00:09]} Kg7 {[%clk 0:00:19]} 39. Rb6 {[%clk 0:00:10]} Rxc6
{[%clk 0:00:18]} 40. Rxc6 {[%clk 0:00:11]} Rxa7 {[%clk 0:00:19]} 41. Rc2
{[%clk 0:00:09]} Rd7 {[%clk 0:00:18]} 42. Kg2 {[%clk 0:00:10]} e5
{[%clk 0:00:18]} 43. Kf3 {[%clk 0:00:11]} Re7 {[%clk 0:00:15]} 44. Ke4
{[%clk 0:00:12]} Kg6 {[%clk 0:00:15]} 45. g4 {[%clk 0:00:12]} Re6
{[%clk 0:00:10]} 46. Rc7 {[%clk 0:00:08]} h6 {[%clk 0:00:11]} 47. Rc8
{[%clk 0:00:09]} Kf6 {[%clk 0:00:11]} 48. Rf8+ {[%clk 0:00:09]} Ke7
{[%clk 0:00:11]} 49. Rh8 {[%clk 0:00:09]} Kf7 {[%clk 0:00:11]} 50. Rh7+
{[%clk 0:00:08]} Kg6 {[%clk 0:00:12]} 51. Rd7 {[%clk 0:00:09]} Ra6
{[%clk 0:00:12]} 52. Kxe5 {[%clk 0:00:07]} Ra2 {[%clk 0:00:12]} 53. Rd6+
{[%clk 0:00:08]} Kg7 {[%clk 0:00:13]} 1/2-1/2

[Event "Blitz 2018"]
[Site "Saint-Petersburg"]
[Date "2018.12.29"]
[Round "2"]
[Board "33"]
[White "Teterev Vitaly (BLR)"]
[Black "Piorun Kacper (POL)"]
[Result "1-0"]
[LiveChessVersion "1.4.8"]
[BlackElo "2646"]
[WhiteElo "2397"]

1. Nf3 {[%clk 0:03:03]} g6 {[%clk 0:03:03]} 2. e4 {[%clk 0:03:03]} Bg7 3. d4 c6
{[%clk 0:03:04]} 4. Bd3 {[%clk 0:03:04]} d5 {[%clk 0:03:05]} 5. Nbd2
{[%clk 0:03:05]} Nh6 {[%clk 0:03:04]} 6. O-O {[%clk 0:03:04]} O-O 7. Re1 dxe4
{[%clk 0:03:01]} 8. Nxe4 {[%clk 0:03:06]} Nf5 {[%clk 0:03:01]} 9. c3
{[%clk 0:03:05]} Nd7 {[%clk 0:03:00]} 10. Bf4 {[%clk 0:03:03]} Nf6
{[%clk 0:03:01]} 11. Be5 {[%clk 0:03:01]} Nd6 {[%clk 0:02:46]} 12. Nxf6+
{[%clk 0:02:51]} exf6 {[%clk 0:02:45]} 13. Bf4 {[%clk 0:02:52]} Be6
{[%clk 0:02:40]} 14. Nd2 {[%clk 0:02:44]} b5 {[%clk 0:02:37]} 15. a4
{[%clk 0:02:27]} Nc4 {[%clk 0:02:36]} 16. Qc2 {[%clk 0:02:20]} a6
{[%clk 0:02:21]} 17. Ne4 {[%clk 0:02:20]} Nb6 {[%clk 0:01:54]} 18. Bd6
{[%clk 0:02:16]} Re8 {[%clk 0:01:54]} 19. Ba3 {[%clk 0:01:48]} Nxa4
{[%clk 0:01:50]} 20. Nd6 {[%clk 0:01:36]} Re7 {[%clk 0:01:44]} 21. Ne4
{[%clk 0:01:33]} Rea7 {[%clk 0:01:31]} 22. b3 {[%clk 0:01:32]} Nb6
{[%clk 0:01:33]} 23. Nc5 {[%clk 0:01:31]} Bc8 {[%clk 0:01:05]} 24. Qe2
{[%clk 0:01:28]} Bd7 {[%clk 0:01:02]} 25. Bb4 {[%clk 0:01:24]} Nd5
{[%clk 0:01:01]} 26. Ba5 {[%clk 0:01:24]} Qf8 {[%clk 0:00:55]} 27. c4
{[%clk 0:01:22]} Nf4 {[%clk 0:00:55]} 28. Qf3 {[%clk 0:01:23]} Nxd3
{[%clk 0:00:56]} 29. Qxd3 {[%clk 0:01:24]} Bf5 {[%clk 0:00:56]} 30. Qe3
{[%clk 0:01:21]} Rc8 {[%clk 0:00:50]} 31. Bb6 {[%clk 0:01:19]} Raa8
{[%clk 0:00:51]} 32. Nxa6 {[%clk 0:01:05]} Bh6 {[%clk 0:00:52]} 33. Qc3
{[%clk 0:01:04]} Re8 {[%clk 0:00:45]} 34. Bc5 {[%clk 0:00:48]} Rxe1+
{[%clk 0:00:39]} 35. Rxe1 {[%clk 0:00:49]} Qd8 {[%clk 0:00:40]} 36. Nb4
{[%clk 0:00:47]} Qd7 {[%clk 0:00:39]} 37. h3 {[%clk 0:00:46]} bxc4
{[%clk 0:00:24]} 38. bxc4 {[%clk 0:00:47]} Re8 {[%clk 0:00:23]} 39. Rxe8+
{[%clk 0:00:42]} Qxe8 {[%clk 0:00:24]} 40. d5 {[%clk 0:00:43]} cxd5
{[%clk 0:00:15]} 41. Nxd5 Bg7 42. Ne7+ {[%clk 0:00:39]} Kh8 {[%clk 0:00:16]} 43.
Nxf5 {[%clk 0:00:40]} gxf5 {[%clk 0:00:17]} 44. Qe3 {[%clk 0:00:40]} Qc8
{[%clk 0:00:12]} 45. Qd4 {[%clk 0:00:36]} h6 {[%clk 0:00:12]} 46. Bb6
{[%clk 0:00:36]} Qe6 {[%clk 0:00:12]} 47. Bc7 {[%clk 0:00:33]} Qc6
{[%clk 0:00:05]} 48. Bd6 {[%clk 0:00:31]} f4 {[%clk 0:00:04]} 49. Bxf4
{[%clk 0:00:26]} Qe6 {[%clk 0:00:04]} 50. c5 {[%clk 0:00:21]} f5 {[%clk 0:00:05]}
51. Qd2 {[%clk 0:00:20]} Qc4 {[%clk 0:00:04]} 52. Be3 {[%clk 0:00:17]} f4
{[%clk 0:00:05]} 53. Bxf4 {[%clk 0:00:18]} Qxc5 {[%clk 0:00:07]} 54. Bxh6
{[%clk 0:00:18]} Bd4 {[%clk 0:00:06]} 55. Be3 {[%clk 0:00:18]} Bxe3
{[%clk 0:00:07]} 56. Qxe3 {[%clk 0:00:19]} Qd6 {[%clk 0:00:03]} 57. h4
{[%clk 0:00:17]} Kg8 {[%clk 0:00:05]} 58. g3 {[%clk 0:00:17]} Qd1+
{[%clk 0:00:05]} 59. Qf4 Qd5 {[%clk 0:00:07]} 60. Kg2 {[%clk 0:00:18]} Qd6
{[%clk 0:00:08]} 61. Qf3 Kg7 62. Qg4+ {[%clk 0:00:21]} Kf8 {[%clk 0:00:08]} 63.
Qf4 {[%clk 0:00:22]} Qd5+ {[%clk 0:00:09]} 64. Kh2 {[%clk 0:00:23]} Qc5 65. Qe3
{[%clk 0:00:18]} Qd5 {[%clk 0:00:05]} 66. Qf4 {[%clk 0:00:15]} Qc5
{[%clk 0:00:06]} 67. Qf3 {[%clk 0:00:17]} Qe5 68. Qf4 {[%clk 0:00:14]} Qd5
{[%clk 0:00:07]} 69. Qf6 {[%clk 0:00:16]} Qc5 {[%clk 0:00:05]} 70. Kh3
{[%clk 0:00:15]} Qd5 {[%clk 0:00:05]} 71. Kh2 {[%clk 0:00:11]} Qd3
{[%clk 0:00:06]} 72. h5 {[%clk 0:00:09]} Qe2 {[%clk 0:00:07]} 73. Qf5
{[%clk 0:00:07]} Qd2 {[%clk 0:00:06]} 74. Kg2 {[%clk 0:00:07]} Qh6
{[%clk 0:00:05]} 75. Qe5 {[%clk 0:00:08]} Qd2 {[%clk 0:00:06]} 76. Qc5+
{[%clk 0:00:06]} Kg8 {[%clk 0:00:07]} 77. Kh3 {[%clk 0:00:06]} Qd1
{[%clk 0:00:06]} 78. Kh4 {[%clk 0:00:05]} Qf3 {[%clk 0:00:04]} 79. Qg5+
{[%clk 0:00:06]} Kf8 {[%clk 0:00:06]} 80. Qh6+ {[%clk 0:00:07]} Kg8
{[%clk 0:00:06]} 81. Qg5+ {[%clk 0:00:08]} Kf8 {[%clk 0:00:08]} 82. Qd8+
{[%clk 0:00:09]} Kg7 {[%clk 0:00:09]} 83. Qd4+ {[%clk 0:00:09]} Kf8
{[%clk 0:00:08]} 84. Qb4+ {[%clk 0:00:10]} Ke8 {[%clk 0:00:09]} 85. Qf4
{[%clk 0:00:10]} Qh1+ {[%clk 0:00:08]} 86. Kg4 {[%clk 0:00:11]} Kf8
{[%clk 0:00:05]} 87. Qd6+ {[%clk 0:00:09]} Kg7 {[%clk 0:00:04]} 88. h6+
{[%clk 0:00:06]} Kh7 {[%clk 0:00:05]} 89. Qf6 {[%clk 0:00:06]} Qe4+
{[%clk 0:00:06]} 90. Kh3 {[%clk 0:00:06]} Qh1+ {[%clk 0:00:07]} 91. Kg4
{[%clk 0:00:07]} Qe4+ {[%clk 0:00:09]} 92. Qf4 {[%clk 0:00:06]} Qg6+
{[%clk 0:00:05]} 93. Kh3 {[%clk 0:00:06]} Qh5+ {[%clk 0:00:05]} 94. Kg2
{[%clk 0:00:08]} Qd5+ {[%clk 0:00:07]} 95. Qf3 {[%clk 0:00:09]} Qe6
{[%clk 0:00:04]} 96. Qe3 {[%clk 0:00:09]} Qd5+ {[%clk 0:00:04]} 97. Kh2 Qh5+ 98.
Kg1 {[%clk 0:00:10]} Qd1+ {[%clk 0:00:07]} 99. Kg2 {[%clk 0:00:12]} Qd5+
{[%clk 0:00:09]} 100. Qf3 {[%clk 0:00:13]} Qe6 {[%clk 0:00:09]} 101. Qf4
{[%clk 0:00:10]} Qd5+ {[%clk 0:00:09]} 102. Kh2 {[%clk 0:00:10]} Qh5+
{[%clk 0:00:10]} 103. Qh4 {[%clk 0:00:11]} Qf3 {[%clk 0:00:07]} 104. Kg1
{[%clk 0:00:10]} Qd1+ {[%clk 0:00:09]} 105. Kg2 {[%clk 0:00:11]} Qd5+
{[%clk 0:00:10]} 106. f3 {[%clk 0:00:13]} Qa2+ {[%clk 0:00:10]} 107. Kh3
{[%clk 0:00:13]} Qe6+ {[%clk 0:00:11]} 108. Qg4 {[%clk 0:00:14]} Qf6
{[%clk 0:00:04]} 109. Qg7+ {[%clk 0:00:14]} Qxg7 {[%clk 0:00:06]} 110. hxg7
{[%clk 0:00:15]} Kxg7 111. Kg4 Kg6 {[%clk 0:00:07]} 112. Kf4 {[%clk 0:00:18]} Kf6
{[%clk 0:00:08]} 113. g4 {[%clk 0:00:16]} Ke6 {[%clk 0:00:06]} 114. Kg5
{[%clk 0:00:17]} Ke5 {[%clk 0:00:08]} 115. f4+ {[%clk 0:00:18]} Ke4
{[%clk 0:00:05]} 116. f5 {[%clk 0:00:18]} Kf3 {[%clk 0:00:04]} 117. f6
{[%clk 0:00:13]} Ke4 {[%clk 0:00:05]} 118. Kh6 {[%clk 0:00:13]} Ke5
{[%clk 0:00:04]} 119. Kg7 {[%clk 0:00:14]} 1-0